<?xml version="1.0" encoding="UTF-8"?>
<record
    xmlns:xsi="http://www.w3.org/2001/XMLSchema-instance"
    xsi:schemaLocation="http://www.loc.gov/MARC21/slim http://www.loc.gov/standards/marcxml/schema/MARC21slim.xsd"
    xmlns="http://www.loc.gov/MARC21/slim">

  <leader>00746nam a22001577a 4500</leader>
  <datafield tag="020" ind1=" " ind2=" ">
    <subfield code="a">0387954252</subfield>
  </datafield>
  <datafield tag="040" ind1=" " ind2=" ">
    <subfield code="c">0</subfield>
  </datafield>
  <datafield tag="082" ind1=" " ind2=" ">
    <subfield code="a">621.382,VAC</subfield>
  </datafield>
  <datafield tag="100" ind1=" " ind2=" ">
    <subfield code="a">R. Vacca, John</subfield>
    <subfield code="9">118420</subfield>
  </datafield>
  <datafield tag="245" ind1=" " ind2=" ">
    <subfield code="a">Guide to Wireless Network Security /</subfield>
    <subfield code="c">John R. Vacca, </subfield>
  </datafield>
  <datafield tag="260" ind1=" " ind2=" ">
    <subfield code="a">USA</subfield>
    <subfield code="b">Springer</subfield>
    <subfield code="c">2006</subfield>
  </datafield>
  <datafield tag="300" ind1=" " ind2=" ">
    <subfield code="a">xxii, 848 p</subfield>
  </datafield>
  <datafield tag="505" ind1=" " ind2=" ">
    <subfield code="a">Part.I Overview of Wireless Network Security Technology (Page-1), Part.II Designing Wireless Network Security (Page-161), Part.III Planning for Wireless Networks Security (Page-213), Installing and Deploying Wireless Network Security (Page-261), Part.IV Information Warfare Countermeasure (Page-369), Part.VII Results and Future Directions (Page-681). </subfield>
  </datafield>
  <datafield tag="650" ind1=" " ind2=" ">
    <subfield code="a">Wireless Network Security</subfield>
    <subfield code="9">118418</subfield>
  </datafield>
  <datafield tag="942" ind1=" " ind2=" ">
    <subfield code="2">ddc</subfield>
    <subfield code="c">BK</subfield>
  </datafield>
  <datafield tag="999" ind1=" " ind2=" ">
    <subfield code="c">603370</subfield>
    <subfield code="d">603370</subfield>
  </datafield>
  <datafield tag="952" ind1=" " ind2=" ">
    <subfield code="0">0</subfield>
    <subfield code="1">0</subfield>
    <subfield code="2">ddc</subfield>
    <subfield code="4">0</subfield>
    <subfield code="7">0</subfield>
    <subfield code="a">MCS</subfield>
    <subfield code="b">MCS</subfield>
    <subfield code="c">REF</subfield>
    <subfield code="d">2023-10-09</subfield>
    <subfield code="l">1</subfield>
    <subfield code="o">621.382,VAC</subfield>
    <subfield code="p">MCS38752</subfield>
    <subfield code="r">2026-02-24</subfield>
    <subfield code="s">2023-10-09</subfield>
    <subfield code="w">2023-10-09</subfield>
    <subfield code="y">REF</subfield>
    <subfield code="z">Almirah Fresh No.45, Shelf No.3</subfield>
  </datafield>
</record>
